Web 2.0 (Record no. 13040)
[ view plain ]
| 000 -LEADER | |
|---|---|
| fixed length control field | 01414nam a2200361Ia 4500 |
| 001 - CONTROL NUMBER | |
| control field | 9780203855225 |
| 003 - CONTROL NUMBER IDENTIFIER | |
| control field | BD-DhSAU |
| 005 - DATE AND TIME OF LATEST TRANSACTION | |
| control field | 20151012151723.0 |
| 006 - FIXED-LENGTH DATA ELEMENTS--ADDITIONAL MATERIAL CHARACTERISTICS | |
| fixed length control field | a|||||s||||||||||| |
| 007 - PHYSICAL DESCRIPTION FIXED FIELD--GENERAL INFORMATION | |
| fixed length control field | cr|||| |
| 008 - FIXED-LENGTH DATA ELEMENTS--GENERAL INFORMATION | |
| fixed length control field | 110606s2011 enka sb 001 0 eng d |
| 020 ## - INTERNATIONAL STANDARD BOOK NUMBER | |
| International Standard Book Number | 9780203855225 (e-book : PDF) |
| 040 ## - CATALOGING SOURCE | |
| Original cataloging agency | BD-DhSAU |
| Transcribing agency | BD-DhSAU |
| 090 ## - LOCALLY ASSIGNED LC-TYPE CALL NUMBER (OCLC); LOCAL CALL NUMBER (OCLC) | |
| Classification number (OCLC) (R) ; Classification number, CALL (RLIN) (NR) | TK5105.88817 |
| Local cutter number (OCLC) ; Book number/undivided call number, CALL (RLIN) | .H35 2011 |
| 092 ## - LOCALLY ASSIGNED DEWEY CALL NUMBER (OCLC) | |
| Classification number | 302.231 |
| Item number | H233 |
| 100 1# - MAIN ENTRY--PERSONAL NAME | |
| Personal name | Han, Sam, |
| Dates associated with a name | 1984- |
| 245 10 - TITLE STATEMENT | |
| Title | Web 2.0 |
| Medium | [electronic resource] / |
| Statement of responsibility, etc. | Sam Han. |
| 260 ## - PUBLICATION, DISTRIBUTION, ETC. (IMPRINT) | |
| Place of publication, distribution, etc. | Abingdon, Oxon ; |
| -- | New York, N.Y. : |
| Name of publisher, distributor, etc. | Routledge, |
| Date of publication, distribution, etc. | 2011. |
| 300 ## - PHYSICAL DESCRIPTION | |
| Extent | x, 128 p. : |
| Other physical details | ill. |
| 490 0# - SERIES STATEMENT | |
| Series statement | Shortcuts |
| 504 ## - BIBLIOGRAPHY, ETC. NOTE | |
| Bibliography, etc | Includes bibliographical references (p. [112]-120) and index. |
| 505 0# - FORMATTED CONTENTS NOTE | |
| Formatted contents note | 1. What is the 'Web' in 'Web 2.0'? : a short history of the Web -- 2. What is the '2.0' in 'Web 2.0'? -- 3. New formations : the social ambiance of the Web 2.0 -- 4. The experience of the Web 2.0 : a techno-phenomenology of multi-tasking and mobility -- 5. Critics of Web 2.0 : reading the informational politics of backlash. |
| 530 ## - ADDITIONAL PHYSICAL FORM AVAILABLE NOTE | |
| Additional physical form available note | Also available in print edition. |
| 538 ## - SYSTEM DETAILS NOTE | |
| System details note | Mode of access: World Wide Web. |
| 650 #0 - SUBJECT ADDED ENTRY--TOPICAL TERM | |
| Topical term or geographic name as entry element | Web 2.0. |
| 650 #0 - SUBJECT ADDED ENTRY--TOPICAL TERM | |
| Topical term or geographic name as entry element | Social media. |
| 655 #7 - INDEX TERM--GENRE/FORM | |
| Genre/form data or focus term | Electronic books. |
| Source of term | lcsh |
| 776 1# - ADDITIONAL PHYSICAL FORM ENTRY | |
| International Standard Book Number | 9780415780391 |
| 776 1# - ADDITIONAL PHYSICAL FORM ENTRY | |
| International Standard Book Number | 9780415780407 |
| 776 1# - ADDITIONAL PHYSICAL FORM ENTRY | |
| International Standard Book Number | 041578039X |
| 776 1# - ADDITIONAL PHYSICAL FORM ENTRY | |
| International Standard Book Number | 0415780403 |
| 856 40 - ELECTRONIC LOCATION AND ACCESS | |
| Uniform Resource Identifier | <a href="http://www.tandfebooks.com/isbn/9780203855225">http://www.tandfebooks.com/isbn/9780203855225</a> |
No items available.
